Science, Mysticism and East-West Dialogue (Record no. 20774)

MARC details
000 -LEADER
fixed length control field 01401nam a22001457a 4500
020 ## - INTERNATIONAL STANDARD BOOK NUMBER
ISBN 978-81-8465-547-6
082 ## - DEWEY DECIMAL CLASSIFICATION NUMBER
Classification number 248 KOZ
100 ## - MAIN ENTRY--AUTHOR NAME
Author name Kozhamthadam, Job
245 ## - TITLE STATEMENT
Title Science, Mysticism and East-West Dialogue
260 ## - PUBLICATION, DISTRIBUTION, ETC. (IMPRINT)
Place of publication Delhi
Name of publisher ISPCK Publishers
Year of publication 2016
300 ## - PHYSICAL DESCRIPTION
Number of Pages 278
500 ## - GENERAL NOTE
General note Science-Mysticism Dialogue: A Surer Path to Fullness: Job Kozhamthadam<br/><br/>Symbiosis and the Transpersonal Quest for Oneness: Lancy Pereira<br/><br/>Inner Net of the Heart: The Fractal nature of Consciousness: Will Keepin<br/><br/>Pathway to Reality: N.V. Kulkarni<br/><br/>Mysticism and East-West Dialogue on Darwinism: T.D. Singh<br/><br/>Science and the Sacred, Silence and Service: Towards a Dialogical Enrichment between Eastern and Western Mysticism: Kuruvilla Pandikattu<br/><br/>Self-Organizing Systems and Final Causality: Joseph Bracken<br/><br/>The Theory of Evolution: Input for a Teilhardian Mysticism: Kathleen Duffy<br/><br/>Mysticism as Re-enchanting the World: Teilhard De Chardin and Albert Einstein: Sarojini Henry<br/><br/>Islamic Perspective on Mysticism and Modern Science: Yusuf Amin<br/><br/>Modern Science, Mysticism and East-West Dialogue: Tribal Perspective: Nirmal Minz<br/><br/>Concept of Reality Aad Guru Granth Sahib and its physical, Metaphysical and Mystical Aspects: Hardev Singh Virk<br/><br/>The Puzzle of Experiential Primacy and Consciousness: Sangeetha Menon<br/><br/>Engaged Contemplation for a Troubled World: William Grassie<br/>
650 ## - SUBJECT ADDED ENTRY--TOPICAL TERM
Topical Term Mysticism
942 ## - ADDED ENTRY ELEMENTS (KOHA)
Koha item type Books
Holdings
Home library Current library Shelving location Date acquired Source of acquisition Cost, normal purchase price Full call number Accession Number Koha item type
Henry Martyn Institute Library Henry Martyn Institute Library General stacks 11/07/2017 ISPCK Publishers 375.00 248 KOZ 25420 Books
Henry Martyn Institute Library Henry Martyn Institute Library General stacks 06/11/2020 ISPCK 375.00 248 KOZ 11004424 Books
                   Copyright © 2026 | Henry Martyn Institute | Hyderabad | TS-500052 | INDIA | Implemented by hmi.edu.in
Hit-Count:

Powered by Koha